[Event "35th Biel Festival"]
[Site "Biel SUI"]
[Date "2002.07.22"]
[Round "1"]
[White "Pelletier, Yannick"]
[Black "Smirin, Ilia"]
[Result "1/2-1/2"]
[WhiteElo "2571"]
[BlackElo "2676"]
[PlyCount "81"]
[EventDate "2002.07.22"]

1. Nf3 Nf6 2. c4 g6 3. Nc3 Bg7 4. d4 O-O 5. e4 d6 6. Be2 e5 7. O-O Nc6 8. d5 Ne7 9. b4 Nh5 10. Re1 f5 11. Ng5 Nf6 12. f3 Nh5 13. c5 Nf4 14. Qb3 fxe4 15. fxe4 Kh8 16. Bxf4 exf4 17. Rad1 Nc6 18. Nf7+ Rxf7 19. dxc6 Rf8 20. e5 bxc6 21. exd6 cxd6 22. cxd6 Bf5 23. Bf3 Rf6 24. b5 Rxd6 25. bxc6 Rb8 26. Qc4 Rxd1 27. Rxd1 Qb6+ 28. Kh1 Re8 29. Nd5 Qf2 30. Qf1 Qxa2 31. Nxf4 Qa4 32. Re1 Rf8 33. Ne6 Bxe6 34. Rxe6 a5 35. Qe1 Qc4 36. Re8 Qc5 37. h3 a4 38. Rxf8+ Bxf8 39. Qa1+ Bg7 40. Qxa4 Be5 41. Qd1 {Der c-Bauer ist gut blockiert, und Schwarz kann Drohungen gegen den weien Knig aufstellen. Daher das friedliche Ergebnis.} 1/2-1/2

[Event "35th Biel Festival"]
[Site "Biel SUI"]
[Date "2002.07.23"]
[Round "2"]
[White "Pelletier, Yannick"]
[Black "Kortschnoj, Viktor"]
[Result "1/2-1/2"]
[WhiteElo "2571"]
[BlackElo "2626"]
[PlyCount "109"]
[EventDate "2002.07.22"]

1. Nf3 Nf6 2. c4 b6 3. g3 Bb7 4. Bg2 e6 5. O-O Be7 6. Nc3 O-O 7. Re1 d5 8. cxd5 Nxd5 9. e4 Nxc3 10. bxc3 c5 11. d4 Nc6 12. d5 exd5 13. exd5 Na5 14. Bf4 Bd6 15. Ne5 Qc7 16. Qh5 Rad8 17. Re3 f6 18. Nd3 Nc4 19. Re4 g6 20. Qh6 Ne5 21. Nxe5 fxe5 22. Bg5 Rde8 23. c4 b5 24. Rd1 Qa5 25. Re2 Qa4 26. Rc1 bxc4 27. Be4 Qd7 28. Rd2 Ba6 29. Rc3 Rf7 30. Bg2 Qf5 31. Bh3 Qb1+ 32. Kg2 Bb7 33. Qh4 e4 34. Be3 Qa1 35. Rcc2 c3 36. Re2 Bxd5 37. Rc1 Qb2 38. Rxb2 cxb2 39. Rd1 Bxa2 40. Qg5 Bf8 41. Bxc5 e3 42. Bxe3 b1=Q 43. Rxb1 Bxb1 44. Qb5 Be4+ 45. Kg1 Rd8 46. f4 Bf5 47. g4 Bd7 48. Qb3 Bc6 49. Bf1 Bd5 50. Bc4 Bxc4 51. Qxc4 Rdd7 52. f5 Rc7 53. Qd5 Rcd7 54. Qc4 Rc7 55. Qd5 1/2-1/2

[Event "35th Biel Festival"]
[Site "Biel SUI"]
[Date "2002.07.24"]
[Round "3"]
[White "Tkachiev, Vladislav"]
[Black "Pelletier, Yannick"]
[Result "1/2-1/2"]
[WhiteElo "2625"]
[BlackElo "2571"]
[PlyCount "105"]
[EventDate "2002.07.22"]

1. d4 Nf6 2. c4 e6 3. Nf3 Bb4+ 4. Bd2 Qe7 5. g3 b6 6. Bg2 Bb7 7. O-O Bxd2 8. Qxd2 O-O 9. Nc3 d5 10. cxd5 exd5 11. a3 Ne4 12. Qe3 Re8 13. b4 Nd7 14. Rfc1 c6 15. Nxe4 dxe4 16. Nd2 Nf6 17. Nc4 Rad8 18. Ne5 Rd6 19. Qc3 h5 20. e3 h4 21. Qb3 Nd7 22. Nc4 Rh6 23. Nd2 Nf6 24. b5 Qd7 25. bxc6 Bxc6 26. a4 hxg3 27. fxg3 Ng4 28. Nf1 Rh5 29. Qc2 Re6 30. Ra3 Ra5 31. Rc3 Bd5 32. h3 Nf6 33. g4 Qxa4 34. Qf2 Rc6 35. Rxc6 Bxc6 36. Ng3 Bd7 37. Qf4 Qa3 38. Rf1 Qe7 39. Nxe4 Nd5 40. Qb8+ Qf8 41. Qg3 Qe7 42. g5 Ra3 43. Qb8+ Qf8 44. Qxf8+ Kxf8 45. Nd6 Be6 46. Bxd5 Bxd5 47. e4 Be6 48. d5 Rg3+ 49. Kh2 Rxh3+ 50. Kg2 Rd3 51. dxe6 Rxd6 52. Rxf7+ Kg8 53. Rxa7 1/2-1/2

[Event "35th Biel Festival"]
[Site "Biel SUI"]
[Date "2002.07.26"]
[Round "5"]
[White "Kortschnoj, Viktor"]
[Black "Tkachiev, Vladislav"]
[Result "1/2-1/2"]
[WhiteElo "2626"]
[BlackElo "2625"]
[PlyCount "61"]
[EventDate "2002.07.22"]

1. d4 Nf6 2. c4 e6 3. Nf3 b6 4. Nc3 Bb7 5. Bg5 h6 6. Bh4 Be7 7. Qc2 d5 8. Bxf6 Bxf6 9. cxd5 exd5 10. g3 O-O 11. Bg2 c5 12. dxc5 bxc5 13. Rd1 Na6 14. O-O Qe7 15. e3 Rfd8 16. Qa4 Nc7 17. Rfe1 Rd6 18. h4 Ne6 19. Nh2 Rad8 20. Ng4 Bxc3 21. bxc3 Ra6 22. Qc2 d4 23. exd4 cxd4 24. cxd4 Bxg2 25. Kxg2 Qb7+ 26. d5 Rxd5 27. Qe4 Rb5 28. Qxb7 Rxb7 29. Rd2 h5 30. Ne5 g6 31. Re3 1/2-1/2

[Event "35th Biel Festival"]
[Site "Biel SUI"]
[Date "2002.07.29"]
[Round "7"]
[White "Kortschnoj, Viktor"]
[Black "Pelletier, Yannick"]
[Result "1/2-1/2"]
[WhiteElo "2626"]
[BlackElo "2571"]
[PlyCount "114"]
[EventDate "2002.07.22"]

1. c4 Nf6 2. d4 e6 3. g3 d5 4. Bg2 Be7 5. Nf3 O-O 6. Qb3 c5 7. cxd5 exd5 8. dxc5 Nbd7 9. O-O Nxc5 10. Qd1 Bg4 11. Be3 Rc8 12. Nc3 a6 13. Ne5 Be6 14. Bd4 Nfe4 15. Rc1 Qd6 16. Nd3 Nxc3 17. Rxc3 Ne4 18. Rb3 b5 19. Nf4 Rfd8 20. Rd3 Qc6 21. h4 a5 22. Kh2 b4 23. Nxe6 fxe6 24. Re3 Bf6 25. Bxf6 gxf6 26. Rd3 f5 27. f3 Nc5 28. Rd2 Qd6 29. e3 Rd7 30. Rc2 Rg7 31. f4 Rgc7 32. g4 fxg4 33. Qxg4+ Rg7 34. Qh5 Kh8 35. Qe5 Qd8 36. Rfc1 Qxh4+ 37. Kg1 Qg3 38. Re2 Rcc7 39. Qf6 h5 40. Rxc5 Rxc5 41. Qf8+ Kh7 42. Qxc5 h4 43. e4 h3 44. exd5 hxg2 45. Qe3 Qxe3+ 46. Rxe3 exd5 47. Rh3+ Kg8 48. Rh2 Rc7 49. Rxg2+ Kf7 50. Kf2 b3 51. axb3 Rb7 52. Rg3 Kf6 53. Rd3 Kf5 54. Ke3 Rb5 55. b4 Rxb4 56. Rxd5+ Ke6 57. Rd2 a4 1/2-1/2